| 000 | 02051nam2a2200361 4500 | ||
|---|---|---|---|
| 001 | RU\NLR\BIBL_A\010361185 | ||
| 005 | 20250614042732.0 | ||
| 010 |
_a978-5-4317-0095-8 _9100 |
||
| 021 |
_aRU _b2014-20714 _91285 |
||
| 035 | _a(NLR Aleph) 010361185 | ||
| 090 |
_a9576881 _c9576881 |
||
| 100 | _a20140526d2014 |||y0rusy50 ca | ||
| 101 | 0 | _arus | |
| 102 | _aRU | ||
| 105 | _aac||z|||001zy | ||
| 200 | 1 | _aОбщественная организация г. Самара, спортивный клуб легкой атлетики "Космос" | |
| 210 |
_d2014 _aБ. м. |
||
| 215 |
_a143 с. _cил., портр. |
||
| 300 | _aНа 4-й с. обл. авт.: В.С. Лобачев, доц. | ||
| 320 | _aБиблиогр. в тексте | ||
| 461 | 0 |
_1001RU\NLR\bibl\2047659 _12001#$aМоя нелегкая легкая атлетика$e[очерки о легкой атлетике]$fсост. и общ. ред. В. С. Лобачева$vЧ. 2 _94567756 _cСамара _d2013 _fсост. и общ. ред. В. С. Лобачева _nИнсома-пресс _o[очерки о легкой атлетике] _tМоя нелегкая легкая атлетика _vЧ. 2 |
|
| 601 | 0 | 2 |
_a"Космос", спортивный клуб легкой атлетики _cСамара, город _92180551 _3RU\NLR\AUTH\6601547895 |
| 606 | 1 |
_aФизическая культура и спорт _xВысшая школа _yСоединённые Штаты Америки _92345827 _3RU\NLR\AUTH\6601625085 |
|
| 606 | 1 |
_aЛегкая атлетика _xСоревнования _yРоссийская Федерация _92218995 _3RU\NLR\AUTH\6601565860 |
|
| 686 | 1 | _aЧ517.114(2Р-4С-2С)7 | |
| 686 | 1 | _aЧ511.1,6(2)531.8 | |
| 686 | 1 | _aЧ511.1,6(2Р-4С-2С)531.8 | |
| 686 | 1 | _aЧ517.114(2Р)9г | |
| 712 | 0 | 2 |
_4570 _a"Космос", спортивный клуб легкой атлетики _cСамара _9385298 _3RU\NLR\AUTH\880358944 |
| 942 | _cBOOK | ||
| 980 | _aNB | ||